Movies Quiz

Random Movies Quiz

What Movie? Out at the Movies (Slideshow) Quiz Stats

 Plays Quiz not verified by Sporcle

Support Sporcle.
Go Orange.
Score 0/26 Timer 07:00
0 Plays Today
% Correct
Inside Out
91.2%
Get Out
80.1%
Out of Africa
68.1%
Three Billboards Outside Ebbing, Missouri
65.9%
Knives Out
61%
The Outsiders
60.6%
Eight Men Out
47.6%
She's Out of My League
36.3%
Teenage Mutant Ninja Turtles: Out of the Shadows
33.9%
Out of Sight
30.4%
No Way Out
27.9%
Blow Out
27.1%
Bringing Out the Dead
26.3%
% Correct
Baby's Day Out
25.7%
Cop Out
24.8%
The Out-of-Towners
23%
In & Out
22.7%
Out of Time
22.4%
Down and Out in Beverly Hills
19.6%
Out of the Furnace
18%
Out to Sea
15.8%
Lights Out
14.4%
Out for Justice
12.3%
Out of the Past
9.1%
Better Watch Out
4.3%
The Devil Rides Out
4.1%

You're not logged in!

Compare scores with friends on all Sporcle quizzes.
OR
Log In
Forgot?

From the Vault

'All Grown Up' Image Match

by hockeystix3

You have to find the celebrities when they're older, but we also want to see the baby chimp all grown up.
Remove Ads.
Support Sporcle.
Get the best of Sporcle when you Go Orange. This ad-free experience offers more features, more stats, and more fun while also helping to support Sporcle. Thank you for becoming a member.

Show Comments

Extras

Created Feb 20, 2020ReportNominate
Tags:Slideshow

Top Quizzes Today


Score Distribution

Your Account Isn't Verified!

In order to create a playlist on Sporcle, you need to verify the email address you used during registration. Go to your Sporcle Settings to finish the process.

Report this User

Report this user for behavior that violates our Community Guidelines.

Details: